00532nam a2200169Ia 450000500170000000800410001702000100005804000190006804100120008708200180009910000210011724500630013826000870020130000300028865000340031885000100035220230826103559.0131103s9999 xx 000 0 und d cRs.52 aLoreto College aEnglish a915.4163bCHA aChakravarty,L.N. aGlimpses of the early history of ArunchalcL.N.Chakravarty aItanagarbDirectorate of Research,Govt. of Arunachal Pradeshc1973 (1995 printing) a134,[32] p.b ill.,tables aArunachal Pradesh - Geography aLCLIB